LEADER 01228nam a2200265 a 4500 001 000000128895 003 CaOOAMICUS 005 20120516152104.0 008 120516s1986 it aoh u000 u ita r 040 $aPUL$bita 082 04$a282.092 100 1 $aTarantini Grittani, Rosa.$0(OLS)http://pul/name/71895 245 10$aAccordo in si :$bdon Ambrogio Grittani e la sua opera /$cRosa Tarantini Grittani ; con prefazione del cardinale Ursi ; copertina e disegni di Giusi Schito. 260 $aGalatina :$bEditrice salentina$g1986 300 $a346 p. :$bill., foto, facsim. ;$c25 cm 600 14$aGrittani, Ambrogio,$csac.,$d1907-1951.$0(OLS)http://pul/subject/35387 700 1 $aUrsi, Corrado,$ccard.$0(OLS)http://pul/name/35917 700 1 $aSchito, Giusi.$0(OLS)http://pul/name/82494 850 $aPUL 852 $aPUL$W1$xDP2 Religione 3$y114$m282. 092 GRIAM 2$j149250$qDDC 21$B147801$CPULBib$Z2$F147801 $H119204 $82 941 1 $a9 996 $6082$a282.092$9(OLS)http://pul/classification/402 996 $6245$aAccordo in si :$bdon Ambrogio Grittani e la sua opera$9(OLS)http://pul/title/162880 996 $6260$aGalatina :$bEditrice salentina$9(OLS)http://pul/publisher/56291 LEADER 00954nam a2200265 a 4500 001 000000150214 003 CaOOAMICUS 005 20220623171249.0 008 160309s1972 it u000 u ita r 032 $aLibriCat 040 $aPUL$bita 041 1 $aita$hfre 130 0 $aEglise vers l'avenir.$lItaliano.$0(OLS)http://pul/title/189305 245 13$aLa Chiesa verso l'avvenire. 260 $aRoma :$bA.V.E.,$cİ1972. 300 $a194 p. ;$c19 cm. 490 1 $aMinima ;$v71 650 4$aChiesa$xStudi.$0(OLS)http://pul/subject/38784 830 0$aMinima (A.V.E.) ;$v71.$0(OLS)http://pul/title/9083 850 $aPUL 852 $aPUL$W1$xDP1 Fondo Bordoni$y120$m3 L 99$j167964$qFondi$B174718$CPULBib$Z2$F174718 $HBor2210 $81 941 1 $a1 996 $6245$aLa Chiesa verso l'avvenire$9(OLS)http://pul/title/189306 996 $6260$aRoma :$bA.V.E.$9(OLS)http://pul/publisher/47979